Catálogo público

Estandarización de procesos e implementación del sistema de calidad (HACCP) en productos gourmet en la empresa Alimentos Finisterre S. de R. L de C. V. / (Record no. 209525)

MARC details
000 -CABECERA
campo de control de longitud fija 04562nam a2200517Ia 4500
001 - NÚMERO DE CONTROL
campo de control dia_4698
003 - IDENTIFICADOR DEL NÚMERO DE CONTROL
campo de control CHAP
005 - FECHA Y HORA DE LA ÚLTIMA TRANSACCIÓN
campo de control 20241106120309.0
007 - CAMPO FIJO DE DESCRIPCIÓN FÍSICA--INFORMACIÓN GENERAL
campo de control de longitud fija ta
008 - DATOS DE LONGITUD FIJA--INFORMACIÓN GENERAL
campo de control de longitud fija 220601s2010 mx a frm 001 0 spa d
040 ## - FUENTE DE LA CATALOGACIÓN
Centro catalogador/agencia de origen mxchpua
Centro/agencia transcriptor CHAP
Normas de descripción rda
041 0# - CÓDIGO DE LENGUA
Código de lengua del texto/banda sonora o título independiente spa
Código de lengua del sumario o resumen eng
090 ## - LOCALMENTE ASIGNADO TIPO-LC NÚMERO DE CLASIFICACIÓN (OCLC); NÚMERO DE CLASIFICACIÓN LOCAL (RLIN)
Número de clasificación (OCLC) (R) ; Numero de clasificación, CALL (RLIN) (NR) Tesis
Número cutter local (OCLC) ; Número de libro/Signatura topográfica íntegra, CALL (RLIN) Z43
año 2010
100 1# - ENTRADA PRINCIPAL--NOMBRE DE PERSONA
Nombre de persona Zea Hernández, Laura Olivia
240 10 - TÍTULO UNIFORME
Título uniforme Standardization of processes and implementation of quality system (HACCP) in the company products gourmet Alimentos Finisterre S. de R.L. de C.V.
Lenguaje de la obra Español
245 10 - MENCIÓN DE TÍTULO
Título Estandarización de procesos e implementación del sistema de calidad (HACCP) en productos gourmet en la empresa Alimentos Finisterre S. de R. L de C. V. /
Mención de responsabilidad, etc. Laura Olivia Zea Hernández
264 ## - PRODUCCIÓN, PUBLICACIÓN, DISTRIBUCIÓN, FABRICACIÓN Y COPYRIGHT
Producción, publicación, distribución, fabricación y copyright Chapingo, México :
Nombre del de productor, editor, distribuidor, fabricante El autor,
Fecha de producción, publicación, distribución, fabricación o copyright 2010
300 ## - DESCRIPCIÓN FÍSICA
Extensión 124 hojas :
Otras características físicas ilustraciones, diagramas, tablas +
Material acompañante/anejo 1 CD-ROM
336 ## - TIPO DE CONTENIDO
Fuente rdacontent
Término de tipo de contenido texto
Código de tipo de contenido txt
337 ## - TIPO DE MEDIO
Fuente rdamedia
Nombre/término del tipo de medio no mediado
Código del tipo de medio n
338 ## - TIPO DE SOPORTE
Fuente rdacarrier
Nombre/término del tipo de soporte volumen
Código del tipo de soporte nc
500 ## - NOTA GENERAL
Nota general El CD contiene reporte
502 ## - NOTA DE TESIS
Nota de tesis Tesis
Tipo de título (Ingeniero Agroindustrial) --
Nombre de la institución que otorga el título UACh. Departamento de Ingeniería Agroindustrial,
Año de obtención del título 2010
504 ## - NOTA DE BIBLIOGRAFÍA, ETC.
Nota de bibliografía, etc. Bibliografía: hoja 116
520 3# - SUMARIO, ETC.
Sumario, etc. El presente trabajo se enfoca en la estandarización de procesos e implementación de un sistema de calidad (HACCP) en Alimentos Finisterre S de R. L de C.V en Tequisquiapan, Querétaro, como proyecto realizado en estancia pre-profesional. En el cual, se trabajó con productos Gourmet que recientemente fueron incorporados a la empresa. Para cumplir los objetivos del proyecto se utilizaron criterios basados en la observación, identificación y análisis para el proceso de cada producto, obteniendo así, procesos estandarizados para cada uno; con la finalidad de establecer diagramas de flujo generalizados para cada producto de la línea gourmet, mismos que fueron analizados paso a paso para determinar los riesgos físicos, químicos y biológicos, evaluando su significancia y el por qué de ésta, para lograr identificar los puntos que se consideraron críticos (PCC) de acuerdo al árbol de decisiones y al uso del sentido común, por último se determinaron los límites críticos, las acciones de monitoreo y acciones correctivas para cada punto crítico de control. Llamando sistema de calidad HACCP (Hazard Analysis Critical Control Points) al conjunto de actividades antes mencionadas que principalmente se realizan para obtener alimentos inocuos, con mejores características; físicas, sensoriales (pocas variaciones), y garantizando, que el consumidor final no se ve afectado en la salud. --
520 3# - SUMARIO, ETC.
Sumario, etc. This work focuses on the standardization of processes and implementation of a quality system (HACCP) in Food Finisterre R. S Tequisquiapan L de CV, Queretaro, and project in pre-professional stay. In which, we worked with Gourmet products that were recently added to the company. To meet the project objectives using criteria based on the observation, identification and process analysis for each product, thus obtaining standardized processes for each, with the aim of establishing generalized flow charts for each product line of gourmet, same step were analyzed to determine the physical, chemical and biological, evaluating their significance and why of this, in order to identify the points that were considered critical (PCC) according to the decision tree and the use of sense Common finally determined critical limits, monitoring activities and corrective actions for each CCP. Calling quality system HACCP (Hazard Analysis Critical Control Points) to all the above activities that are conducted primarily for safe food with better characteristics, physical, sensory (few variations), and ensuring that the final consumer is not affected health.
650 13 - PUNTO DE ACCESO ADICIONAL DE MATERIA--TÉRMINO DE MATERIA
Término de materia o nombre geográfico como elemento de entrada Gastronomía
Fuente del encabezamiento o término atg
650 13 - PUNTO DE ACCESO ADICIONAL DE MATERIA--TÉRMINO DE MATERIA
Término de materia o nombre geográfico como elemento de entrada Estándares de calidad de un producto
Fuente del encabezamiento o término atg
650 13 - PUNTO DE ACCESO ADICIONAL DE MATERIA--TÉRMINO DE MATERIA
Término de materia o nombre geográfico como elemento de entrada ARPCC
Fuente del encabezamiento o término atg
650 13 - PUNTO DE ACCESO ADICIONAL DE MATERIA--TÉRMINO DE MATERIA
Término de materia o nombre geográfico como elemento de entrada Buenas prácticas de fabricación
Fuente del encabezamiento o término atg
650 13 - PUNTO DE ACCESO ADICIONAL DE MATERIA--TÉRMINO DE MATERIA
Término de materia o nombre geográfico como elemento de entrada Gastronomy
Fuente del encabezamiento o término atg
650 13 - PUNTO DE ACCESO ADICIONAL DE MATERIA--TÉRMINO DE MATERIA
Término de materia o nombre geográfico como elemento de entrada Product quality standards
Fuente del encabezamiento o término atg
650 13 - PUNTO DE ACCESO ADICIONAL DE MATERIA--TÉRMINO DE MATERIA
Término de materia o nombre geográfico como elemento de entrada HACCP
Fuente del encabezamiento o término atg
650 13 - PUNTO DE ACCESO ADICIONAL DE MATERIA--TÉRMINO DE MATERIA
Término de materia o nombre geográfico como elemento de entrada Good manufacturing practices
Fuente del encabezamiento o término atg
700 1# - PUNTO DE ACCESO ADICIONAL--NOMBRE DE PERSONA
Nombre de persona Ponce Hernández, Pedro
Término indicativo de función/relación director
700 1# - PUNTO DE ACCESO ADICIONAL--NOMBRE DE PERSONA
Nombre de persona Ascencio Rivera, J. Rogelio
Término indicativo de función/relación asesor
700 1# - PUNTO DE ACCESO ADICIONAL--NOMBRE DE PERSONA
Nombre de persona Reyna Izaguirre, Diana América
Término indicativo de función/relación asesora
856 41 - LOCALIZACIÓN Y ACCESO ELECTRÓNICOS
Identificador Uniforme del Recurso <a href="http://10.13.5.2/tesis/112162.pdf">http://10.13.5.2/tesis/112162.pdf</a>
Texto de enlace DESCARGAR PDF
901 ## - ELEMENTOS DE DATOS A LOCAL LDA (RLIN)
a TESIS Z43 2010
942 ## - ELEMENTOS DE PUNTO DE ACCESO ADICIONAL (KOHA)
Tipo de ítem Koha TESIS
Fuente del sistema de clasificación o colocación Clasificación Universidad Autónoma Chapingo
902 ## - ELEMENTOS DE DATOS B LOCAL, LDB (RLIN)
a M
905 ## - ELEMENTOS DE DATOS E LOCAL, LDE (RLIN)
a 5232272010 mx nl 8223123322spa16
Holdings
Estado de retiro Estado de pérdida Fuente del sistema de clasificación o colocación Estado dañado Restricciones de uso No para préstamo Código de colección Localización permanente Ubicación/localización actual Fecha de adquisición Fuente de adquisición Total de préstamos Signatura topográfica completa Código de barras Fecha visto por última vez Fecha del último préstamo Número de copia Precio válido a partir de Tipo de ítem Koha Ubicación en estantería
    Clasificación Universidad Autónoma de Chapingo   Préstamo 5 días   Tesis Ingenieria Agroindustrial Ingenieria Agroindustrial 01/06/2022 El autor 1 Tesis Z43 2010 1101004395 14/11/2024 14/11/2024 Ej. 3 01/06/2022 CD  
    Clasificación Universidad Autónoma de Chapingo   Préstamo interno   Tesis Ingenieria Agroindustrial Ingenieria Agroindustrial 01/06/2022 El autor   Tesis Z43 2010 1101004218 02/02/2026   Ej. 1 01/06/2022 Tesis  
    Clasificación Universidad Autónoma de Chapingo   Préstamo interno   Tesis Ingenieria Agroindustrial Ingenieria Agroindustrial 01/06/2022 El autor   Tesis Z43 2010 1101004022 01/06/2022   Ej. 2 01/06/2022 CD  
    Clasificación Universidad Autónoma de Chapingo       Tesis digitales de Licenciatura Ingenieria Agroindustrial Ingenieria Agroindustrial 06/11/2024 El autor     1201004218 06/11/2024     06/11/2024 Tesis digital En línea